[Event "SG Bochum 3 - SC Doppelbauer Brambauer "]
[Site "Verbandsliga, Gruppe 2 2017/2"]
[Date "2018.01.14"]
[Round "5.5"]
[White "Bauch-Lojewski, Ralf"]
[Black "Biermann, Lenhard"]
[Result "0-1"]
[WhiteElo "1957"]
[BlackElo "1914"]
[PlyCount "86"]
[EventDate "2018.??.??"]

1. d4 e6 2. Nf3 b6 3. g3 Bb7 4. Bg2 Nf6 5. O-O c5 6. c4 cxd4 7. Nxd4 Bxg2 8.
Kxg2 Qc8 9. b3 Be7 10. Bb2 O-O 11. Nd2 Qb7+ 12. Kg1 a6 13. N2f3 d6 14. Rc1 Nbd7
15. Qc2 Rac8 16. Qb1 Rfd8 17. Rcd1 Nc5 18. Nd2 Rc7 19. Rfe1 Nce4 20. Nxe4 Nxe4
21. f3 Nc5 22. Nc2 b5 23. cxb5 axb5 24. Nb4 Nd7 25. Bd4 d5 26. Nd3 Bd6 27. e4
e5 28. Be3 d4 29. Bd2 Rdc8 30. Rc1 Nc5 31. Nb4 f5 32. Nd5 Rf7 33. b4 fxe4 34.
fxe4 Na4 35. Rxc8+ Qxc8 36. Qb3 Qe6 37. Qd3 Qd7 38. Qb3 Qe6 39. Qd3 Qd7 40. Qb3
Kh8 41. Bg5 h6 42. Ne7 Rxe7 43. Bxe7 Bxe7 0-1

[Event "SG Bochum 3 - SC Doppelbauer Brambauer "]
[Site "Verbandsliga, Gruppe 2 2017/2"]
[Date "2018.01.14"]
[Round "5.6"]
[White "Fistoul, Michail"]
[Black "Zimmermann, Dirk"]
[Result "1/2-1/2"]
[WhiteElo "1951"]
[BlackElo "1918"]
[PlyCount "63"]
[EventDate "2018.??.??"]

1. d4 Nf6 2. c4 g6 3. f3 Bg7 4. e4 d6 5. Nc3 Nc6 6. Be3 O-O 7. Nge2 a6 8. d5
Ne5 9. Ng3 e6 10. a4 exd5 11. cxd5 c6 12. dxc6 bxc6 13. Be2 Be6 14. O-O Qb8 15.
Qd2 Nc4 16. Bxc4 Bxc4 17. Rfe1 Nd7 18. f4 Rd8 19. Bd4 Bxd4+ 20. Qxd4 Qa7 21.
Qxa7 Rxa7 22. b4 Nf8 23. Nge2 Rb7 24. Nd4 Rc8 25. Rab1 Ne6 26. Nxe6 fxe6 27.
Red1 d5 28. b5 axb5 29. axb5 cxb5 30. exd5 exd5 31. Nxd5 Bxd5 32. Rxd5 1/2-1/2

[Event "SG Bochum 3 - SC Doppelbauer Brambauer "]
[Site "Verbandsliga, Gruppe 2 2017/2"]
[Date "2018.01.14"]
[Round "5.7"]
[White "Jochmann, Christian"]
[Black "Zeldin, Vitali"]
[Result "1/2-1/2"]
[WhiteElo "1805"]
[BlackElo "1970"]
[PlyCount "41"]
[EventDate "2018.??.??"]

1. e4 c5 2. Nc3 Nc6 3. g3 g6 4. Bg2 Bg7 5. d3 d6 6. f4 e6 7. Nf3 Nge7 8. Be3
O-O 9. O-O b6 10. d4 Ba6 11. Re1 cxd4 12. Nxd4 Nxd4 13. Bxd4 e5 14. fxe5 dxe5
15. Be3 Rc8 16. Qxd8 Rfxd8 17. Rad1 h6 18. Bf3 Bf8 19. Rxd8 Rxd8 20. Rd1 Rxd1+
21. Bxd1 1/2-1/2

[Event "SG Bochum 3 - SC Doppelbauer Brambauer "]
[Site "Verbandsliga, Gruppe 2 2017/2"]
[Date "2018.01.14"]
[Round "5.8"]
[White "Pilat, Fabian"]
[Black "Rips, Frank"]
[Result "1-0"]
[WhiteElo "1951"]
[BlackElo "1791"]
[PlyCount "79"]
[EventDate "2018.??.??"]

1. d4 d5 2. Nf3 Nf6 3. e3 Bf5 4. c4 e6 5. Qb3 Qc8 6. cxd5 exd5 7. Nc3 c6 8. Bd2
Nbd7 9. Rc1 a5 10. Nh4 Bg6 11. Nxg6 hxg6 12. Bd3 Bd6 13. g3 Qb8 14. a4 Bb4 15.
O-O Qd6 16. Rfe1 Qe6 17. Bf1 Qf5 18. e4 dxe4 19. Nxe4 Nxe4 20. Rxe4+ Kd8 21.
Rf4 Qg5 22. Bxb4 axb4 23. Qxb4 Kc7 24. Rc2 Rae8 25. Rxf7 Qd5 26. Qc4 Qh5 27. h4
g5 28. Rf5 Re1 29. Rc1 Rhe8 30. Qc3 Rd1 31. Rxg5 Qe2 32. Rxd1 Qxd1 33. Qd3 Qxa4
34. Rxg7 Qa5 35. Bh3 Re1+ 36. Kh2 Qa1 37. Rxd7+ Kb8 38. Rd8+ Kc7 39. Rc8+ Kb6
40. Qb3+ 1-0

[Event "SC Gerthe - Werne 1 - SV Recklinghausen"]
[Site "Verbandsliga, Gruppe 2 2017/2"]
[Date "2018.01.14"]
[Round "5.1"]
[White "Beckmann, Klaus"]
[Black "Quast, Marcel"]
[Result "0-1"]
[WhiteElo "2152"]
[BlackElo "2203"]
[PlyCount "57"]
[EventDate "2018.??.??"]

1. Nf3 Nf6 2. d4 e6 3. e3 b6 4. Bd3 Bb7 5. O-O Ne4 6. c4 Be7 7. Nc3 f5 8. Bxe4
fxe4 9. Nd2 O-O 10. Ndxe4 Qe8 11. d5 Qg6 12. a3 a5 13. f3 Na6 14. b3 Kh8 15.
Kh1 Rae8 16. Bb2 Qh6 17. Qd3 Nc5 18. Nxc5 Bxc5 19. e4 Bd6 20. f4 Bxf4 21. g3
Be5 22. Na4 Bxb2 23. Nxb2 d6 24. Rae1 Kg8 25. Kg2 e5 26. h4 Bc8 27. Rxf8+ Rxf8
28. Rf1 Rxf1 29. Kxf1 0-1

[Event "SC Gerthe - Werne 1 - SV Recklinghausen"]
[Site "Verbandsliga, Gruppe 2 2017/2"]
[Date "2018.01.14"]
[Round "5.2"]
[White "Brueggestraß, Volker"]
[Black "Herud, Martin"]
[Result "1-0"]
[WhiteElo "2021"]
[BlackElo "1985"]
[PlyCount "73"]
[EventDate "2018.??.??"]

1. e4 c5 2. c3 d5 3. exd5 Qxd5 4. d4 g6 5. Nf3 Bg7 6. Na3 cxd4 7. Nb5 Na6 8.
Nbxd4 e5 9. Bb5+ Bd7 10. Bxd7+ Qxd7 11. Qe2 O-O-O 12. Nb5 e4 13. Bf4 Nc7 14.
Nxc7 exf3 15. Qc4 Qc6 16. Qxc6 bxc6 17. Na6 fxg2 18. Rg1 Nf6 19. Rxg2 Rhe8+ 20.
Kf1 Re4 21. Be3 Nd5 22. Re1 Ra4 23. Nc5 Rxa2 24. Bc1 Nb6 25. Rg4 Nd7 26. Nd3
Bf8 27. Rf4 f5 28. Rh4 Nf6 29. Bg5 Rxd3 30. Bxf6 Bc5 31. Rxh7 Rd7 32. Re8+ Kc7
33. Bd8+ Kd6 34. Rh3 Rxd8 35. Rxd8+ Ke6 36. Rd2 Ba3 37. Re2+ 1-0

[Event "SC Gerthe - Werne 1 - SV Recklinghausen"]
[Site "Verbandsliga, Gruppe 2 2017/2"]
[Date "2018.01.14"]
[Round "5.3"]
[White "Callenberg, Ralf"]
[Black "Berens, Thomas"]
[Result "1/2-1/2"]
[WhiteElo "2029"]
[BlackElo "1920"]
[PlyCount "114"]
[EventDate "2018.??.??"]

1. c4 Nf6 2. g3 g6 3. Bg2 c5 4. Nc3 Bg7 5. e4 Nc6 6. Nge2 O-O 7. O-O d6 8. d3
a6 9. h3 Rb8 10. Be3 b5 11. Qd2 bxc4 12. dxc4 Ne5 13. b3 Bxh3 14. f3 Be6 15.
Nf4 Bd7 16. Ncd5 Nc6 17. Rad1 Nxd5 18. Nxd5 e6 19. Nc3 Bd4 20. Ne2 e5 21. Nxd4
Nxd4 22. Bh6 Re8 23. Kf2 f6 24. Rh1 Re7 25. f4 Rf7 26. f5 Rb7 27. Rh2 Bc6 28.
fxg6 hxg6 29. Rdh1 Rh7 30. Qd1 Qd7 31. Bf8 Qd8 32. Bh6 Bd7 33. Rh4 Be6 34. R1h2
Qa5 35. a4 Qc3 36. Bd2 Qc2 37. Rxh7 Rxh7 38. Qxc2 Nxc2 39. Rxh7 Kxh7 40. Ba5
Nd4 41. Bc7 Nxb3 42. Bxd6 Bxc4 43. Ke3 Kg7 44. Bf3 Kf7 45. Bd1 Ke6 46. Bf8 f5
47. Bf3 Bf1 48. exf5+ gxf5 49. Bb7 a5 50. Bc8+ Kf6 51. Bd6 Bg2 52. Ba6 Bd5 53.
Kd3 Ke6 54. Bc7 e4+ 55. Kc3 Nd4 56. Bxa5 Bc6 57. Bb6 Bxa4 1/2-1/2

[Event "SC Gerthe - Werne 1 - SV Recklinghausen"]
[Site "Verbandsliga, Gruppe 2 2017/2"]
[Date "2018.01.14"]
[Round "5.4"]
[White "Gottmann, Bernd"]
[Black "Mecklenburg, Roland"]
[Result "1-0"]
[WhiteElo "1912"]
[BlackElo "2010"]
[PlyCount "43"]
[EventDate "2018.??.??"]

1. d4 d5 2. c4 e6 3. Nc3 Nf6 4. cxd5 exd5 5. Bg5 c6 6. e3 Bd6 7. Bd3 h6 8. Bh4
Nbd7 9. Nf3 O-O 10. O-O Re8 11. Rc1 g5 12. Bg3 Nf8 13. Bxd6 Qxd6 14. Ne5 N6d7
15. f4 f6 16. Qh5 Nxe5 17. fxe5 Qe6 18. exf6 Qf7 19. Qxh6 Bd7 20. Qxg5+ Kh8 21.
Qh6+ Nh7 22. Bg6 1-0

[Event "SC Gerthe - Werne 1 - SV Recklinghausen"]
[Site "Verbandsliga, Gruppe 2 2017/2"]
[Date "2018.01.14"]
[Round "5.5"]
[White "Hoefker, Mathias"]
[Black "Loeffelbein, Klaus"]
[Result "1-0"]
[WhiteElo "2047"]
[BlackElo "1855"]
[PlyCount "93"]
[EventDate "2018.??.??"]

1. d4 Nf6 2. Nf3 e6 3. Bg5 h6 4. Bxf6 Qxf6 5. e4 b6 6. Bd3 Bb7 7. O-O d6 8. c4
Nd7 9. Nc3 a6 10. Re1 e5 11. Bc2 c6 12. d5 c5 13. Ba4 Qe7 14. g3 g6 15. Nh4 Bg7
16. Bc6 Rb8 17. Bxb7 Rxb7 18. Qa4 O-O 19. Qxa6 Rbb8 20. Qa4 Bf6 21. Nf3 h5 22.
Qc2 h4 23. Qd2 Kg7 24. g4 Qd8 25. Kh1 Rh8 26. Nb5 Be7 27. Na7 Ra8 28. Nc6 Qe8
29. g5 Rh5 30. a4 Nf8 31. Rg1 Bd8 32. h3 Nh7 33. Kh2 Qd7 34. b3 f5 35. gxf6+
Nxf6 36. Ng5 Be7 37. Ne6+ Kh7 38. f3 Ne8 39. Rxg6 Kxg6 40. Rg1+ Kf7 41. Qg2 Bg5
42. Nxg5+ Kf6 43. Ne6 Qf7 44. Qg4 Qh7 45. Ng5 Qh6 46. Qe6+ Kg7 47. Nf7+ 1-0

[Event "SC Gerthe - Werne 1 - SV Recklinghausen"]
[Site "Verbandsliga, Gruppe 2 2017/2"]
[Date "2018.01.14"]
[Round "5.6"]
[White "Melmer, Felix"]
[Black "Kleiner, Tom"]
[Result "1-0"]
[WhiteElo "1867"]
[BlackElo "1867"]
[PlyCount "79"]
[EventDate "2018.??.??"]

1. e4 c5 2. Nc3 Nc6 3. f4 g6 4. Nf3 Bg7 5. Be2 e6 6. O-O Nge7 7. d3 Rb8 8. a4
O-O 9. Qe1 Nd4 10. Bd1 Nec6 11. Ne2 b5 12. c3 Nxe2+ 13. Qxe2 b4 14. Qc2 Ba6 15.
c4 Nd4 16. Qf2 d5 17. Be2 dxe4 18. dxe4 Qc7 19. e5 Rfd8 20. Be3 Nc2 21. Rad1
Nxe3 22. Qxe3 Qa5 23. b3 Bb7 24. Ng5 Qc7 25. Bf3 h6 26. Nh3 Bxf3 27. gxf3 g5
28. Rde1 Rd4 29. fxg5 hxg5 30. Qxg5 Qd8 31. Qg3 Qh4 32. Qg2 Rbd8 33. Kh1 Kf8
34. Ng5 Rd2 35. Qg1 R8d4 36. Re4 Qh5 37. Rxd4 cxd4 38. f4 Ke7 39. Nf3 Rd1 40.
Nxd4 1-0

[Event "SC Gerthe - Werne 1 - SV Recklinghausen"]
[Site "Verbandsliga, Gruppe 2 2017/2"]
[Date "2018.01.14"]
[Round "5.7"]
[White "Hajra, Hetem"]
[Black "Meise, Ulrich"]
[Result "1/2-1/2"]
[WhiteElo "1936"]
[BlackElo "1858"]
[PlyCount "53"]
[EventDate "2018.??.??"]

1. e4 e5 2. Nf3 Nf6 3. Nc3 Nc6 4. Bc4 Be7 5. d3 O-O 6. Nd5 d6 7. Nxe7+ Qxe7 8.
Bg5 Bg4 9. h3 Be6 10. Bb3 h6 11. Be3 Bxb3 12. axb3 d5 13. exd5 Nxd5 14. O-O
Nxe3 15. fxe3 e4 16. dxe4 Qxe4 17. Qd3 Qe7 18. Qc3 Rfe8 19. Rfe1 a6 20. Rad1
Rad8 21. Rxd8 Rxd8 22. Kf2 Rd5 23. Re2 Ne5 24. Rd2 Rc5 25. Qd4 Nxf3 26. gxf3
Rc6 27. Qd8+ 1/2-1/2

[Event "SC Gerthe - Werne 1 - SV Recklinghausen"]
[Site "Verbandsliga, Gruppe 2 2017/2"]
[Date "2018.01.14"]
[Round "5.8"]
[White "Kalle, Yannis"]
[Black "Stahlhofen, Thomas"]
[Result "1-0"]
[WhiteElo "1710"]
[BlackElo "1823"]
[PlyCount "47"]
[EventDate "2018.??.??"]

1. e4 e6 2. d4 d5 3. Nc3 Bb4 4. e5 b6 5. a3 Bf8 6. f4 Nc6 7. Nf3 Bb7 8. Be3 Qd7
9. Bb5 Nge7 10. O-O a6 11. Bd3 Na5 12. Qe2 b5 13. b3 Ng6 14. Ng5 c5 15. f5 Nxe5
16. dxe5 d4 17. fxe6 fxe6 18. Rad1 Qc7 19. Qh5+ Kd7 20. Rf7+ Be7 21. Rxe7+ Kxe7
22. Qf7+ Kd8 23. Nxe6+ Kc8 24. Qxc7# 1-0

[Event "SC Mülheim 1 - SK Holsterhausen 1"]
[Site "Verbandsliga, Gruppe 2 2017/2"]
[Date "2018.01.14"]
[Round "5.1"]
[White "Walbaum, Klaus"]
[Black "Viebahn, Dirk"]
[Result "0-1"]
[WhiteElo "2074"]
[BlackElo "2094"]
[Annotator "Daniel"]
[PlyCount "88"]
[EventDate "2018.??.??"]

1. d4 Nf6 2. Nf3 d5 3. g3 g6 4. Bg2 Bg7 5. O-O O-O 6. c4 c6 7. cxd5 cxd5 8. Nc3
Ne4 9. Nxe4 dxe4 10. Ng5 Bxd4 11. Nxe4 Nc6 12. Qa4 Qa5 13. Qxa5 Nxa5 14. Rd1
Bg7 15. Bg5 Nc6 16. Rd2 h6 17. Be3 Bf5 18. Rad1 Rac8 $11 19. h3 b6 20. b3 Nb4
21. g4 Be6 22. f3 f5 23. gxf5 gxf5 24. Nf2 Bc3 25. Bxh6 Rfe8 26. Rd7 Bxd7 27.
Rxd7 Nc6 28. f4 Bf6 29. e4 Kh7 30. Bg5 Bxg5 31. fxg5 Kg6 32. h4 f4 33. e5 Nxe5
34. Be4+ Kh5 35. Rxa7 Kxh4 36. Kg2 Kxg5 37. Rb7 Rb8 38. Rc7 Rbc8 39. Rb7 Rb8
40. Rc7 Kf6 41. Nh3 Rg8+ 42. Kf2 Rg4 43. Ng1 f3 44. Bxf3 Rxg1 0-1

[Event "SC Mülheim 1 - SK Holsterhausen 1"]
[Site "Verbandsliga, Gruppe 2 2017/2"]
[Date "2018.01.14"]
[Round "5.2"]
[White "Langschmidt, Dirk"]
[Black "Kortenbusch, Christoph"]
[Result "0-1"]
[WhiteElo "1976"]
[BlackElo "2066"]
[PlyCount "72"]
[EventDate "2018.??.??"]

1. e4 c5 2. Nc3 Nc6 3. g3 g6 4. Bg2 Bg7 5. d3 Rb8 6. Be3 b5 7. Qd2 b4 8. Nd1
Qb6 9. Nf3 e6 10. Nh4 Nge7 11. Bh6 O-O 12. Bxg7 Kxg7 13. Ne3 d5 14. exd5 exd5
15. Nxd5 Nxd5 16. Bxd5 Re8+ 17. Kf1 Nd4 18. c3 bxc3 19. bxc3 Bh3+ 20. Bg2 Qb1+
21. Qd1 Qxd1+ 22. Rxd1 Bg4 23. f3 Nc2 24. fxg4 Ne3+ 25. Kf2 Nxg4+ 26. Kf3 Ne5+
27. Ke4 f5+ 28. Nxf5+ gxf5+ 29. Kxf5 Rb2 30. Rhf1 Rxg2 31. Rde1 Rxh2 32. g4 Rh6
33. g5 Rhe6 34. d4 cxd4 35. cxd4 Nc6 36. Rd1 Rd6 0-1

[Event "SC Mülheim 1 - SK Holsterhausen 1"]
[Site "Verbandsliga, Gruppe 2 2017/2"]
[Date "2018.01.14"]
[Round "5.3"]
[White "Schwalen, Peter"]
[Black "Riese, Manfred"]
[Result "1-0"]
[WhiteElo "2042"]
[BlackElo "1815"]
[PlyCount "83"]
[EventDate "2018.??.??"]

1. e4 d6 2. d4 Nf6 3. f3 c6 4. c4 Nbd7 5. Nc3 e5 6. d5 c5 7. Nh3 a6 8. Be2 Be7
9. O-O O-O 10. a3 Re8 11. Nf2 Nf8 12. Nd3 Ng6 13. Be3 b6 14. Qd2 Qc7 15. Rfc1
Bd7 16. Rab1 Rab8 17. b4 Bf8 18. Bf1 h6 19. a4 Rec8 20. a5 bxa5 21. bxc5 dxc5
22. Qf2 Rxb1 23. Rxb1 Bd6 24. g3 Be8 25. Bh3 Bd7 26. Bxd7 Nxd7 27. Qa2 Be7 28.
Na4 f6 29. Kg2 Kh7 30. Rb3 Qa7 31. Bf2 Bd6 32. Qb2 Rc7 33. Qc3 Ne7 34. Qxa5 f5
35. Nc3 f4 36. Ra3 Nb6 37. Qxa6 Qxa6 38. Rxa6 Nxc4 39. Nb5 Rd7 40. Nxd6 Rxd6
41. Rxd6 Nxd6 42. Bxc5 1-0

[Event "SC Mülheim 1 - SK Holsterhausen 1"]
[Site "Verbandsliga, Gruppe 2 2017/2"]
[Date "2018.01.14"]
[Round "5.4"]
[White "Straenger, Petra"]
[Black "Bobzin, Pierre"]
[Result "0-1"]
[WhiteElo "1814"]
[BlackElo "2049"]
[PlyCount "88"]
[EventDate "2018.??.??"]

1. d4 Nf6 2. Nf3 g6 3. c4 Bg7 4. Nc3 O-O 5. g3 d6 6. Bg2 Nbd7 7. O-O e5 8. e4
h6 9. d5 Nc5 10. Qc2 a5 11. Be3 b6 12. Nd2 Ng4 13. Bxc5 bxc5 14. h3 Nf6 15. a4
Nh7 16. Nb5 f5 17. Kh2 f4 18. Qd3 h5 19. Qe2 Rf7 20. Ra3 Bh6 21. Rd3 Qd7 22.
Rh1 Kg7 23. Kg1 Nf6 24. Bf3 fxg3 25. fxg3 Bxd2 26. Qxd2 Bb7 27. Rh2 Nh7 28. g4
Raf8 29. Rf2 Qe7 30. gxh5 Ng5 31. Rg2 Rxf3 32. Rxg5 Rf1+ 33. Kh2 R8f2+ 34. Rg2
Rxd2 35. Rdxd2 Rf6 36. Rd3 Kh6 37. Rdg3 gxh5 38. Rg8 Rf7 39. R8g6+ Kh7 40. R6g5
Rf6 41. Rxh5+ Rh6 42. Rf5 Bc8 43. Rf3 Rg6 44. Rgf2 Qg5 0-1

[Event "SC Mülheim 1 - SK Holsterhausen 1"]
[Site "Verbandsliga, Gruppe 2 2017/2"]
[Date "2018.01.14"]
[Round "5.5"]
[White "Krieglstein, Marcel"]
[Black "Otto, Michael"]
[Result "1/2-1/2"]
[WhiteElo "1829"]
[BlackElo "1707"]
[PlyCount "41"]
[EventDate "2018.??.??"]

1. d4 Nf6 2. c4 g6 3. Nc3 d5 4. cxd5 Nxd5 5. e4 Nxc3 6. bxc3 Bg7 7. Bb5+ Bd7 8.
Bc4 O-O 9. Be3 c5 10. Ne2 cxd4 11. cxd4 e6 12. O-O Nc6 13. Rb1 Na5 14. Bd3 b6
15. Qd2 Bc6 16. f3 Qd7 17. Ba6 Bb7 18. Bb5 Bc6 19. Ba6 Bb7 20. Bb5 Bc6 21. Ba6
1/2-1/2

[Event "SC Mülheim 1 - SK Holsterhausen 1"]
[Site "Verbandsliga, Gruppe 2 2017/2"]
[Date "2018.01.14"]
[Round "5.6"]
[White "Heinzel, Peter"]
[Black "Petrovic, Vladan"]
[Result "1/2-1/2"]
[WhiteElo "1911"]
[BlackElo "1891"]
[PlyCount "56"]
[EventDate "2018.??.??"]

1. c4 c6 2. b3 Nf6 3. Bb2 d5 4. g3 Bf5 5. Bg2 e6 6. Nf3 h6 7. d3 Be7 8. Nbd2
O-O 9. O-O Nbd7 10. a3 a5 11. Bc3 Bh7 12. b4 axb4 13. axb4 Qc7 14. Qb3 Rfe8 15.
Ra2 e5 16. Rfa1 Rxa2 17. Rxa2 Bf8 18. Ne1 e4 19. cxd5 cxd5 20. e3 exd3 21. Bxf6
Nxf6 22. Nxd3 Bxd3 23. Qxd3 Qc1+ 24. Nf1 Bxb4 25. Bxd5 Nxd5 26. Qxd5 Qc6 27.
Qb3 Bc5 28. Rd2 b6 1/2-1/2

[Event "SC Mülheim 1 - SK Holsterhausen 1"]
[Site "Verbandsliga, Gruppe 2 2017/2"]
[Date "2018.01.14"]
[Round "5.7"]
[White "Skor, Werner"]
[Black "Achenbach, Manfred"]
[Result "1/2-1/2"]
[WhiteElo "1750"]
[BlackElo "1979"]
[PlyCount "61"]
[EventDate "2018.??.??"]

1. e4 c5 2. Nf3 d6 3. d4 cxd4 4. Nxd4 a6 5. Nc3 e5 6. Nf3 Nf6 7. Bg5 Be7 8.
Bxf6 Bxf6 9. Bc4 O-O 10. O-O Bg4 11. Nd5 Nd7 12. Re1 Nb6 13. Bb3 Rc8 14. Qd3
Nxd5 15. Qxd5 Bxf3 16. gxf3 Qd7 17. Rad1 Rc6 18. Kg2 Kh8 19. c4 Qe7 20. Ba4 Rb6
21. Bb3 Bh4 22. Kf1 Bg5 23. Qa5 Rc6 24. Rd3 f5 25. exf5 Rxf5 26. Qd5 Rf8 27.
Red1 Qd7 28. Kg2 Qf5 29. Qe4 Qxe4 30. fxe4 Be7 31. Rf3 1/2-1/2

[Event "SC Mülheim 1 - SK Holsterhausen 1"]
[Site "Verbandsliga, Gruppe 2 2017/2"]
[Date "2018.01.14"]
[Round "5.8"]
[White "Martin, Andreas"]
[Black "Wagner, Markus"]
[Result "1-0"]
[WhiteElo "2189"]
[BlackElo "1516"]
[Annotator "Daniel"]
[PlyCount "75"]
[EventDate "2018.??.??"]

1. d4 d5 2. c4 e6 3. Nf3 Nf6 4. g3 b6 5. Bg2 Bb7 6. O-O Be7 7. Nc3 O-O 8. Ne5
c6 9. b3 Nbd7 10. f4 Bb4 11. Bb2 Ne8 12. Nd3 Bxc3 13. Bxc3 f5 14. Bb4 Rf7 15.
Rc1 Rc8 16. e3 Ndf6 17. Ne5 Rfc7 18. c5 Ne4 19. g4 g6 20. g5 Rg7 $11 21. Rc2 b5
22. Qe1 Ra8 23. Ba5 Qe7 24. h4 Kh8 25. Bf3 Rg8 26. Rh2 Kg7 27. h5 Nc7 28. hxg6
hxg6 29. Rh6 Ne8 30. Qh4 Kf8 31. Nxg6+ Rxg6 32. Rxg6 Qf7 33. Qh8+ Ke7 34. Rg8
Kd7 35. Bh5 Qe7 36. Qe5 Ng3 37. Bxe8+ Rxe8 38. Qc7# 1-0

[Event "DJK Wacker Bergeborbeck 1 - SF Buer 1"]
[Site "Verbandsklasse, Gruppe 1 2017"]
[Date "2018.01.14"]
[Round "5.1"]
[White "Große-Frintrop, Gerd"]
[Black "Landscheidt, Heinz"]
[Result "1/2-1/2"]
[WhiteElo "1957"]
[BlackElo "1852"]
[PlyCount "67"]
[EventDate "2018.??.??"]

1. d4 d5 2. c4 c6 3. cxd5 cxd5 4. Nc3 Nf6 5. Nf3 Nc6 6. Bf4 Ne4 7. e3 Nxc3 8.
bxc3 e6 9. Qb3 Bd6 10. Bxd6 Qxd6 11. c4 dxc4 12. Bxc4 O-O 13. O-O Na5 14. Qc2
Nxc4 15. Qxc4 Bd7 16. Rab1 Bc6 17. Ne5 Be4 18. Rb2 f6 19. Nd3 Rfc8 20. Nc5 Bd5
21. Qb4 b6 22. Nd3 Qxb4 23. Nxb4 Rc3 24. Nxd5 exd5 25. Rb5 Rd8 26. g3 Rc2 27.
Ra1 Rd6 28. a4 a6 29. Rb4 Rc4 30. Rb2 Rdc6 31. Rab1 Rc1+ 32. Rxc1 Rxc1+ 33. Kg2
Rc6 34. Kf3 1/2-1/2

[Event "DJK Wacker Bergeborbeck 1 - SF Buer 1"]
[Site "Verbandsklasse, Gruppe 1 2017"]
[Date "2018.01.14"]
[Round "5.2"]
[White "Dahlhaus, Friedhelm"]
[Black "Renk, Christoph"]
[Result "1/2-1/2"]
[WhiteElo "1938"]
[BlackElo "1975"]
[PlyCount "35"]
[EventDate "2018.??.??"]

1. e4 e5 2. Nf3 Nc6 3. Bb5 Nf6 4. O-O d6 5. d4 exd4 6. Nxd4 Bd7 7. Bg5 Be7 8.
Re1 h6 9. Bh4 Nxd4 10. Bxd7+ Nxd7 11. Bxe7 Qxe7 12. Qxd4 Qe5 13. Qxe5+ dxe5 14.
Nc3 O-O-O 15. Rad1 Nc5 16. f3 Ne6 17. Nd5 Rd7 18. Ne3 1/2-1/2

[Event "DJK Wacker Bergeborbeck 1 - SF Buer 1"]
[Site "Verbandsklasse, Gruppe 1 2017"]
[Date "2018.01.14"]
[Round "5.3"]
[White "Wilbert, Siegfried"]
[Black "Grodotzki, Thomas"]
[Result "0-1"]
[WhiteElo "1984"]
[BlackElo "1941"]
[PlyCount "82"]
[EventDate "2018.??.??"]

1. c4 e5 2. Nc3 Nf6 3. g3 Bb4 4. Bg2 O-O 5. Qb3 a5 6. a3 Bxc3 7. Qxc3 Re8 8. e3
d5 9. cxd5 Nxd5 10. Qb3 c6 11. Ne2 Na6 12. O-O Nc5 13. Qc2 Qb6 14. Rb1 Nb3 15.
Nc3 Be6 16. Ne4 Nxc1 17. Rfxc1 f6 18. Nc5 Bf7 19. b4 axb4 20. Bxd5 cxd5 21.
Rxb4 Qa5 22. Rh4 Bg6 23. Qa2 Qxa3 24. Qxa3 Rxa3 25. Nxb7 e4 26. Kf1 Rb8 27. Nd6
Ra6 28. Nb5 Rxb5 29. Rc8+ Kf7 30. Rc7+ Ke6 31. Rf4 Bh5 32. g4 g5 33. gxh5 gxf4
34. Kg2 fxe3 35. dxe3 d4 36. exd4 Rg5+ 37. Kf1 Rxh5 38. Ke2 Rxh2 39. Ke3 Rh4
40. Rc2 Ra3+ 41. Ke2 Kd5 0-1

[Event "DJK Wacker Bergeborbeck 1 - SF Buer 1"]
[Site "Verbandsklasse, Gruppe 1 2017"]
[Date "2018.01.14"]
[Round "5.4"]
[White "Mombeck, Michael"]
[Black "Schorra, Helmut"]
[Result "1/2-1/2"]
[WhiteElo "1970"]
[BlackElo "2035"]
[PlyCount "33"]
[EventDate "2018.??.??"]

1. e4 d6 2. Nc3 e5 3. Bc4 Nf6 4. d3 Nc6 5. h3 Be7 6. Nge2 Na5 7. Bb3 Nxb3 8.
axb3 d5 9. exd5 Nxd5 10. O-O O-O 11. Nxd5 Qxd5 12. Nc3 Qd8 13. Re1 f6 14. Qf3
a6 15. Qd5+ Qxd5 16. Nxd5 Bd8 17. f4 1/2-1/2

[Event "DJK Wacker Bergeborbeck 1 - SF Buer 1"]
[Site "Verbandsklasse, Gruppe 1 2017"]
[Date "2018.01.14"]
[Round "5.5"]
[White "Andersen, Knut"]
[Black "Brandhorst, Dieter"]
[Result "1/2-1/2"]
[WhiteElo "1967"]
[BlackElo "1907"]
[PlyCount "75"]
[EventDate "2018.??.??"]

1. d4 Nf6 2. g3 d5 3. Bg2 Bf5 4. c4 e6 5. Qb3 Nc6 6. cxd5 exd5 7. Nf3 Bb4+ 8.
Nc3 O-O 9. O-O Re8 10. Bg5 Bxc3 11. bxc3 Na5 12. Qb4 c6 13. Rfe1 Qb6 14. Bxf6
gxf6 15. Nd2 Rad8 16. e4 dxe4 17. Qxb6 axb6 18. Nxe4 Kg7 19. Nd2 Be6 20. Reb1
b5 21. a4 Nc4 22. Nxc4 Bxc4 23. axb5 Bxb5 24. Ra7 Re2 25. Bf1 Rc2 26. Bxb5 cxb5
27. Rxb5 Rxc3 28. Rbxb7 Rf8 29. Kg2 Rd3 30. Rd7 Kg6 31. Kf1 Rd2 32. Ke1 Rb2 33.
h3 Rc8 34. Rac7 Ra8 35. Ra7 Rc8 36. Rdc7 Re8+ 37. Re7 Rc8 38. Rac7 1/2-1/2

[Event "DJK Wacker Bergeborbeck 1 - SF Buer 1"]
[Site "Verbandsklasse, Gruppe 1 2017"]
[Date "2018.01.14"]
[Round "5.6"]
[White "Schaedlich, Andreas"]
[Black "Kreitling, Oliver"]
[Result "1/2-1/2"]
[WhiteElo "1864"]
[BlackElo "1805"]
[PlyCount "178"]
[EventDate "2018.??.??"]

1. e4 e5 2. Bc4 Nf6 3. d3 h6 4. Nf3 Nc6 5. c3 Bc5 6. O-O Bb6 7. Re1 d6 8. h3
O-O 9. Be3 Re8 10. Bb3 Bd7 11. Nbd2 Re7 12. Nf1 Qf8 13. Ng3 Bxe3 14. Rxe3 g6
15. Qd2 Na5 16. Bc2 c5 17. b3 Nc6 18. d4 cxd4 19. cxd4 a5 20. Rc1 Qb8 21. Rc3
Kg7 22. Bd1 exd4 23. Nxd4 Nxe4 24. Nxe4 Rxe4 25. Nxc6 bxc6 26. Bf3 Re7 27. Qd4+
f6 28. Bxc6 Ra6 29. Bxd7 Rxd7 30. Rc8 Qb7 31. Re8 Ra8 32. Re6 Rf8 33. Rxd6 Rxd6
34. Qxd6 Rf7 35. Rc4 Rd7 36. Qf4 g5 37. Qg3 Kg6 38. Qc3 Qb5 39. Rc6 Rd1+ 40.
Kh2 Qb8+ 41. g3 Qd8 42. Qf3 Rd4 43. Ra6 h5 44. Qc6 h4 45. g4 Qb8+ 46. Kg1 Qe5
47. Qc2+ Kh6 48. Ra7 Re4 49. Kg2 Qb8 50. Rh7+ Kxh7 51. Qxe4+ Kg7 52. Qe7+ Kg6
53. Qe4+ Kg7 54. Qd5 Qc7 55. a3 Qb6 56. Qc4 Qb7+ 57. Kg1 Qf3 58. Qc7+ Kg6 59.
Qxa5 Qxh3 60. Qf5+ Kg7 61. Qd7+ Kg6 62. Qf5+ Kg7 63. Qd7+ Kg6 64. Qe8+ Kg7 65.
Qe6 Qf3 66. Qe7+ Kg6 67. Qe8+ Kg7 68. Qd7+ Kh6 69. Qf5 Qd1+ 70. Kh2 Kg7 71. b4
Qb3 72. b5 Qxa3 73. Qd7+ Kh6 74. b6 Qb2 75. Qf5 Qxb6 76. Kh3 Qd6 77. Qc8 Qd3+
78. Kh2 Qd6+ 79. Kh3 Kg7 80. Qb7+ Kf8 81. Qc8+ Ke7 82. Qc4 Qf4 83. Qc5+ Qd6 84.
Qe3+ Kd7 85. Qe4 Qe6 86. Qd4+ Kc6 87. Qa4+ Kd5 88. Qb3+ Kd6 89. Qb4+ Kc6
1/2-1/2

[Event "DJK Wacker Bergeborbeck 1 - SF Buer 1"]
[Site "Verbandsklasse, Gruppe 1 2017"]
[Date "2018.01.14"]
[Round "5.7"]
[White "Ebert, Manfred"]
[Black "Alinsug, Salvadore"]
[Result "1-0"]
[WhiteElo "1900"]
[BlackElo "1774"]
[PlyCount "84"]
[EventDate "2018.??.??"]

1. g3 d6 2. Bg2 e5 3. c4 Nc6 4. Nc3 Bd7 5. e3 Nf6 6. Nge2 Be7 7. O-O O-O 8. d4
exd4 9. exd4 Qc8 10. f4 Bh3 11. d5 Bxg2 12. Kxg2 Nb8 13. h3 Nbd7 14. Nd4 Re8
15. Qf3 Nf8 16. Bd2 Ng6 17. Kh2 a6 18. g4 Bf8 19. g5 Nd7 20. Rae1 Nb6 21. b3
Qd7 22. Kg3 Re7 23. h4 Rxe1 24. Rxe1 Re8 25. Ne4 Nc8 26. h5 Nge7 27. f5 Kh8 28.
h6 Ng8 29. hxg7+ Bxg7 30. f6 Bf8 31. Rh1 Re5 32. Bf4 Re8 33. Nf2 c5 34. dxc6
bxc6 35. Nxc6 Nb6 36. Nb4 a5 37. Nd5 Nc8 38. Qd3 h6 39. Ng4 Re6 40. gxh6 Nce7
41. h7 Ng6 42. hxg8=Q+ Kxg8 1-0

[Event "DJK Wacker Bergeborbeck 1 - SF Buer 1"]
[Site "Verbandsklasse, Gruppe 1 2017"]
[Date "2018.01.14"]
[Round "5.8"]
[White "Grimke, Michael"]
[Black "Seppelfricke, Guido"]
[Result "0-1"]
[WhiteElo "1705"]
[BlackElo "1828"]
[PlyCount "58"]
[EventDate "2018.??.??"]

1. d4 d5 2. Nc3 Nf6 3. Bg5 Nbd7 4. e4 dxe4 5. f3 e3 6. Bc4 e6 7. Nge2 Be7 8.
Bxe3 O-O 9. O-O Nb6 10. Bb3 c6 11. Ne4 Nfd5 12. Bd2 Qc7 13. c4 Nf6 14. Qe1 e5
15. dxe5 Nxe4 16. fxe4 Qxe5 17. Bc3 Qxe4 18. Qg3 Qg6 19. Qe3 Be6 20. Nf4 Qg5
21. Qe4 Bf5 22. Qf3 Bg4 23. Qe4 Rae8 24. Qd3 Bc5+ 25. Kh1 Re3 26. Qc2 Bf5 27.
Qc1 Be4 28. Rf2 Rxc3 29. Qxc3 Bxf2 0-1